00550nam a22001697a 450000500170000001000130001702000260003003500110005603700130006708200100008010000260009024500470011624600500016326000520021327000920026530000230035720200915161246.0 aUR-10859 c300.00a9789389733891 aU-9414 bDBAD/PUB a840.8 aمنو ر ر ا ہی  aد يا ر غز ل cمنو ر ر ا ہی  bDayar-e-Ghazal (Urdu)aby Dr. Munawar Rahi  aN.Delhi bEducational Publishing Housec2020 ء aH.O.D1/16,Ansari Road,Darya ganj,bN.Delhie110002k45678285,23216162l0091-11-23211540 a260 ص c22 Cm(Hb)